[Event "Druga liga Srbije- Grupa Vojvodina 2014"]
[Site "Kac, hotel "]
[Date "2014.11.10"]
[Round "4.1"]
[White "Kopasz, Robert"]
[Black "Indjic, Dusan"]
[Result "1-0"]
[WhiteElo "2322"]
[BlackElo "2287"]
[PlyCount "85"]
[EventDate "2014.11.08"]

1. e4 c5 2. b3 d6 3. Bb2 Nf6 4. Bb5+ Nbd7 5. Bxd7+ Bxd7 6. d3 e5 7. Ne2 Be7 8.
Nd2 O-O 9. O-O Bc6 10. Ng3 g6 11. f4 Nd7 12. Qe2 Bf6 13. f5 b5 14. Qg4 Bg7 15.
Rf2 a5 16. Raf1 Nf6 17. Qh3 g5 18. Ne2 a4 19. c4 axb3 20. axb3 Ra2 21. Bc1 bxc4
22. bxc4 Qa5 23. Nf3 g4 24. Qh4 gxf3 25. Rxf3 Ne8 26. f6 Nxf6 27. Rxf6 Rxe2 28.
Qg4 Qa2 29. Bh6 Rxg2+ 30. Qxg2 Qxg2+ 31. Kxg2 Bxf6 32. Bxf8 Kxf8 33. Rxf6 Ke7
34. Rh6 f5 35. Rxh7+ Kf6 36. Rh6+ Ke7 37. Kf3 fxe4+ 38. dxe4 Ba4 39. Ke3 Bb3
40. Kd3 Bd1 41. h4 Bf3 42. Rg6 Kd7 43. Ke3 1-0

[Event "Druga liga Srbije- Grupa Vojvodina 2014"]
[Site "Kac, hotel "]
[Date "2014.11.10"]
[Round "4.1"]
[White "Stamenkovic, Aleksandar"]
[Black "Simonyi, Zoltan"]
[Result "1/2-1/2"]
[WhiteElo "2284"]
[BlackElo "2282"]
[PlyCount "29"]
[EventDate "2014.11.08"]

1. d4 Nf6 2. Nf3 d5 3. c4 c5 4. cxd5 cxd4 5. Qxd4 Qxd5 6. Nc3 Qxd4 7. Nxd4 Bd7
8. e4 Nc6 9. Nxc6 Bxc6 10. f3 e6 11. Be3 Nd7 12. Nb5 Bb4+ 13. Kf2 Bxb5 14. Bxb5
a6 15. Bxd7+ 1/2-1/2

[Event "Druga liga Srbije- Grupa Vojvodina 2014"]
[Site "Kac, hotel "]
[Date "2014.11.10"]
[Round "4.1"]
[White "Nagy, Attila N"]
[Black "Stanojevic, Branko"]
[Result "1/2-1/2"]
[WhiteElo "2221"]
[BlackElo "2247"]
[PlyCount "48"]
[EventDate "2014.11.08"]

1. Nf3 Nf6 2. c4 g6 3. g3 b5 4. Bg2 bxc4 5. Qa4 Bb7 6. Nc3 Bg7 7. Qxc4 O-O 8.
d4 d6 9. O-O Nbd7 10. b4 a5 11. b5 Nb6 12. Qb3 a4 13. Qc2 c6 14. Rb1 cxb5 15.
Rxb5 Ba6 16. Rb4 Rc8 17. Qb2 Rb8 18. Qa3 Nfd5 19. Nxd5 Nxd5 20. Rxa4 Bxe2 21.
Re1 Bb5 22. Ra7 Qb6 23. Qa5 Qxa5 24. Rxa5 e6 1/2-1/2

[Event "Druga liga Srbije- Grupa Vojvodina 2014"]
[Site "Kac, hotel "]
[Date "2014.11.10"]
[Round "4.1"]
[White "Kovacevic, Dragan"]
[Black "Vranic, Ljubomir"]
[Result "1-0"]
[WhiteElo "2251"]
[BlackElo "2187"]
[PlyCount "93"]
[EventDate "2014.11.08"]

1. e4 e6 2. d4 d5 3. exd5 exd5 4. Bd3 Bd6 5. c3 Nd7 6. h3 Ne7 7. Qf3 O-O 8. Ne2
Re8 9. Bg5 f6 10. Bh4 Nf8 11. Nd2 Be6 12. Bg3 Bf7 13. h4 c6 14. O-O-O Nc8 15.
h5 Bxg3 16. Qxg3 Qd6 17. f4 Qe7 18. Qg4 Nd6 19. Ng3 Qd7 20. Qh4 Re3 21. Bc2 Qe7
22. Ngf1 Re6 23. g4 Re8 24. Ng3 Re3 25. Rhg1 Rxc3 26. bxc3 Nb5 27. Nb1 Nxc3 28.
Nxc3 Qa3+ 29. Kd2 b5 30. Nf5 b4 31. Nb1 Qxa2 32. Qg3 Qa5 33. Qb3 c5 34. g5 c4
35. gxf6 Ne6 36. Nh6+ Kf8 37. Rxg7 Nxg7 38. fxg7+ Kxg7 39. Qg3+ Kf8 40. Nxf7
c3+ 41. Kc1 Qa2 42. Rg1 Re2 43. Qg7+ Ke7 44. Nd6+ Kd8 45. Qf8+ Kd7 46. Rg7+ Kc6
47. Qc8+ 1-0

[Event "Druga liga Srbije- Grupa Vojvodina 2014"]
[Site "Kac, hotel "]
[Date "2014.11.10"]
[Round "4.1"]
[White "Juhasz, Bencze"]
[Black "Kovacevic, Djordje"]
[Result "1-0"]
[WhiteElo "2145"]
[BlackElo "2122"]
[PlyCount "79"]
[EventDate "2014.11.08"]

1. e4 c6 2. d4 g6 3. Nc3 Bg7 4. Bc4 b5 5. Bb3 a5 6. a3 a4 7. Ba2 d6 8. Qf3 e6
9. Nge2 d5 10. O-O Ne7 11. Bg5 O-O 12. Rfe1 h6 13. Bh4 g5 14. Bg3 f5 15. exf5
exf5 16. Be5 f4 17. Nc1 g4 18. Qd1 Ng6 19. Nd3 f3 20. Re3 Nh4 21. g3 Ng2 22.
Re4 Bf5 23. Nc5 Ra7 24. Bxg7 Kxg7 25. Re5 Qf6 26. h3 h5 27. Qd2 Nd7 28. N3e4
dxe4 29. Ne6+ Kg6 30. h4 e3 31. Nxf8+ Nxf8 32. fxe3 Re7 33. e4 Nxh4 34. exf5+
Nxf5 35. Rae1 h4 36. Qf4 f2+ 37. Kxf2 Rxe5 38. dxe5 Qg5 39. Rf1 hxg3+ 40. Kg2
1-0

[Event "Druga liga Srbije- Grupa Vojvodina 2014"]
[Site "Kac, hotel "]
[Date "2014.11.10"]
[Round "4.1"]
[White "Skoko, Milan"]
[Black "Kaszas, Viktor"]
[Result "1-0"]
[WhiteElo "2199"]
[BlackElo "2039"]
[PlyCount "78"]
[EventDate "2014.11.08"]

1. e4 g6 2. d4 Bg7 3. Nc3 c5 4. d5 d6 5. f3 Nf6 6. Be3 Na6 7. Qd2 h5 8. h4 Bd7
9. a4 Nc7 10. Bc4 a6 11. a5 Nb5 12. Nge2 Rc8 13. Qd3 O-O 14. Nxb5 axb5 15. Bxb5
e6 16. dxe6 Bxe6 17. c4 Nd7 18. Bxd7 Qxd7 19. Ra2 f5 20. Nf4 fxe4 21. fxe4 Qf7
22. b3 Be5 23. g3 Kh7 24. O-O Qd7 25. Kh2 Bg8 26. Raf2 Qg4 27. Qe2 Qxe2 28.
Rxe2 Ra8 29. Ra2 Bc3 30. Rd1 Rf6 31. Nh3 Rxa5 32. Rxa5 Bxa5 33. Ng5+ Kg7 34.
Bf4 Bc7 35. Be3 Kf8 36. e5 dxe5 37. Rd7 Rc6 38. Ne4 Be6 39. Bh6+ Kg8 1-0

[Event "Druga liga Srbije- Grupa Vojvodina 2014"]
[Site "Kac, hotel "]
[Date "2014.11.10"]
[Round "4.2"]
[White "Bokros, Albert"]
[Black "Drasko, Milan"]
[Result "1/2-1/2"]
[WhiteElo "2485"]
[BlackElo "2435"]
[PlyCount "22"]
[EventDate "2014.11.08"]

1. e4 e6 2. d4 d5 3. exd5 exd5 4. Bd3 Nc6 5. c3 Bd6 6. Ne2 Nge7 7. Bf4 Bf5 8.
O-O O-O 9. Bxf5 Nxf5 10. Nd2 Nce7 11. Nf3 Bxf4 1/2-1/2

[Event "Druga liga Srbije- Grupa Vojvodina 2014"]
[Site "Kac, hotel "]
[Date "2014.11.10"]
[Round "4.2"]
[White "Perisic, Radivoj"]
[Black "Sevo, Dusan"]
[Result "1-0"]
[WhiteElo "2323"]
[BlackElo "2232"]
[PlyCount "65"]
[EventDate "2014.11.08"]

1. d4 g6 2. e4 Bg7 3. Nc3 d6 4. Bg5 c5 5. d5 Qb6 6. Rb1 Nf6 7. Bb5+ Nbd7 8. Nf3
O-O 9. Qe2 a6 10. Bxd7 Nxd7 11. O-O Re8 12. Bf4 Qc7 13. a4 Ne5 14. Nxe5 dxe5
15. Be3 Bd7 16. Rfd1 Qd6 17. a5 f5 18. exf5 gxf5 19. f3 Rac8 20. Ra1 Rf8 21.
Na4 f4 22. Bf2 Rc7 23. c4 Qg6 24. Kh1 Bf5 25. Nc3 Rd8 26. Ne4 Bxe4 27. fxe4 Kh8
28. b4 cxb4 29. Bb6 Rdc8 30. Bxc7 Rxc7 31. Rdb1 Qd6 32. Ra4 Rc5 33. h3 1-0

[Event "Druga liga Srbije- Grupa Vojvodina 2014"]
[Site "Kac, hotel "]
[Date "2014.11.10"]
[Round "4.2"]
[White "Popov, Stevan"]
[Black "Strbac, Mladen"]
[Result "1/2-1/2"]
[WhiteElo "2159"]
[BlackElo "2298"]
[PlyCount "30"]
[EventDate "2014.11.08"]

1. e4 e5 2. Nf3 Nc6 3. Nc3 Nf6 4. Bb5 Bc5 5. O-O O-O 6. d3 d6 7. Bxc6 bxc6 8.
Qe2 Re8 9. Na4 Bb6 10. c4 Bd4 11. Nxd4 exd4 12. Bg5 c5 13. b3 h6 14. Bh4 g5 15.
Bg3 Kg7 1/2-1/2

[Event "Druga liga Srbije- Grupa Vojvodina 2014"]
[Site "Kac, hotel "]
[Date "2014.11.10"]
[Round "4.3"]
[White "Stojanovic, Dalibor"]
[Black "Sertic, Rudolf"]
[Result "1-0"]
[WhiteElo "2504"]
[BlackElo "2336"]
[PlyCount "155"]
[EventDate "2014.11.08"]

1. e4 e6 2. d4 d5 3. Nc3 Nf6 4. Bg5 dxe4 5. Nxe4 Be7 6. Bxf6 gxf6 7. Nf3 f5 8.
Nc3 a6 9. g3 b5 10. Bg2 Bb7 11. O-O b4 12. Na4 Nd7 13. Ne5 Bxg2 14. Kxg2 Nxe5
15. dxe5 Qd7 16. Qf3 Rd8 17. b3 Qb5 18. Rfe1 h5 19. Rad1 h4 20. Rxd8+ Bxd8 21.
c4 bxc3 22. Nxc3 Qc5 23. Na4 Qb5 24. h3 hxg3 25. fxg3 Rg8 26. Kh2 c6 27. Nb2
Qd5 28. Qe2 f4 29. gxf4 Bh4 30. Rg1 Rxg1 31. Kxg1 Qd4+ 32. Kh1 Qxf4 33. Nc4 Bf2
34. Qg4 Qxg4 35. hxg4 Bc5 36. Kg2 Kd7 37. Kf3 Kc7 38. Kf4 Be7 39. Nd2 Ba3 40.
Ne4 Bc1+ 41. Kf3 Bb2 42. Ng5 Bxe5 43. Nxf7 Bg7 44. Ke4 Kd7 45. g5 Ke7 46. Ne5
Kd6 47. Nd3 Bc3 48. Nf4 Ke7 49. Nd3 Kd6 50. a3 a5 51. a4 Bh8 52. g6 Bc3 53. Nf4
Ke7 54. Ne2 Bf6 55. Ng3 Bc3 56. Kd3 Bb4 57. Ne4 e5 58. Ng5 Kf6 59. Nf3 Kxg6 60.
Nxe5+ Kf6 61. Nxc6 Be1 62. Kc4 Ke6 63. Kb5 Kd7 64. Nxa5 Kc7 65. b4 Bc3 66. Nb3
Be1 67. Kc4 Kb7 68. b5 Kb6 69. a5+ Ka7 70. Kd5 Bc3 71. Kc6 Be1 72. a6 Bh4 73.
Na5 Bg3 74. Nc4 Bh2 75. Nd6 Bg1 76. Nc8+ Kb8 77. b6 Bf2 78. a7+ 1-0

[Event "Druga liga Srbije- Grupa Vojvodina 2014"]
[Site "Kac, hotel "]
[Date "2014.11.10"]
[Round "4.3"]
[White "Vujadinovic, Goran"]
[Black "Ratkovic, Miloje"]
[Result "0-1"]
[WhiteElo "2346"]
[BlackElo "2376"]
[PlyCount "94"]
[EventDate "2014.11.08"]

1. g3 d5 2. Nf3 Nf6 3. Bg2 c6 4. b3 Bg4 5. h3 Bxf3 6. exf3 h5 7. h4 g6 8. Bb2
Bg7 9. O-O O-O 10. a4 Nbd7 11. f4 e6 12. a5 Ng4 13. Bxg7 Kxg7 14. d4 Qf6 15.
Ra4 b5 16. Ra2 b4 17. Ra4 Rab8 18. Qd2 Qe7 19. Re1 Nh6 20. c4 bxc3 21. Qxc3 Nf5
22. Nd2 Rfc8 23. Nf3 Nd6 24. Ng5 Qf6 25. Qd3 c5 26. Qa6 Nb5 27. Bf1 Nxd4 28.
Qxa7 Qd8 29. Rxd4 Rc7 30. Qa6 cxd4 31. b4 Nf8 32. b5 Qe7 33. b6 Rc3 34. Qe2 Nd7
35. f5 e5 36. fxg6 fxg6 37. Bh3 e4 38. Qb5 Nf6 39. a6 Ra3 40. Ne6+ Kh6 41. Nxd4
e3 42. f4 e2 43. Rxe2 Rxg3+ 44. Kh2 Qa3 45. Bd7 Ng4+ 46. Bxg4 hxg4 47. Nf5+
gxf5 0-1

[Event "Druga liga Srbije- Grupa Vojvodina 2014"]
[Site "Kac, hotel "]
[Date "2014.11.10"]
[Round "4.3"]
[White "Ratkovic, Milovan"]
[Black "Kolognat, Petar"]
[Result "1/2-1/2"]
[WhiteElo "2332"]
[BlackElo "2294"]
[PlyCount "38"]
[EventDate "2014.11.08"]

1. d4 Nf6 2. c4 e6 3. Nc3 Bb4 4. e3 d5 5. Qa4+ Nc6 6. Nf3 O-O 7. Bd2 Re8 8. a3
Bxc3 9. Bxc3 Ne4 10. Qc2 Nxc3 11. Qxc3 Qd6 12. Ne5 Nxe5 13. dxe5 Qe7 14. c5 Rf8
15. Bd3 f6 16. O-O c6 17. f4 fxe5 18. fxe5 Bd7 19. Qd4 Qg5 1/2-1/2

[Event "Druga liga Srbije- Grupa Vojvodina 2014"]
[Site "Kac, hotel "]
[Date "2014.11.10"]
[Round "4.3"]
[White "Mastrapovic, Vladimir"]
[Black "Vucinic, Gojko"]
[Result "0-1"]
[WhiteElo "2274"]
[BlackElo "2296"]
[PlyCount "64"]
[EventDate "2014.11.08"]

1. d4 Nf6 2. c4 e6 3. g3 c5 4. Nf3 cxd4 5. Nxd4 Bb4+ 6. Bd2 Qb6 7. e3 Bc5 8.
Nb3 Qc6 9. f3 Bb6 10. Na3 O-O 11. c5 Bxc5 12. Nxc5 Qxc5 13. Rc1 Qe7 14. g4 d5
15. Bd3 Nc6 16. O-O e5 17. g5 Nd7 18. f4 Nc5 19. Bb1 Ne4 20. Be1 Be6 21. Bh4
exf4 22. exf4 Qb4 23. f5 Nd2 24. fxe6 Nxf1 25. Bf2 Nd2 26. e7 Rfe8 27. Bxh7+
Kxh7 28. Rc3 Nxe7 29. Qh5+ Kg8 30. Bc5 Qe4 31. Rh3 Qe1+ 32. Kg2 Qf1+ 0-1

[Event "Druga liga Srbije- Grupa Vojvodina 2014"]
[Site "Kac, hotel "]
[Date "2014.11.10"]
[Round "4.3"]
[White "Munizaba, Slobodan"]
[Black "Bogic, Stevan"]
[Result "1/2-1/2"]
[WhiteElo "2335"]
[BlackElo "2199"]
[PlyCount "32"]
[EventDate "2014.11.08"]

1. d4 Nf6 2. Nf3 g6 3. g3 Bg7 4. Bg2 O-O 5. O-O d6 6. c4 Nc6 7. Nc3 Bg4 8. h3
Bxf3 9. Bxf3 Nd7 10. e3 e5 11. d5 Ne7 12. e4 f5 13. Bg5 h6 14. Bd2 Nf6 15. Kg2
f4 16. h4 h5 1/2-1/2

[Event "Druga liga Srbije- Grupa Vojvodina 2014"]
[Site "Kac, hotel "]
[Date "2014.11.10"]
[Round "4.4"]
[White "Del Rey, Diego"]
[Black "Leskur, Dejan"]
[Result "1-0"]
[WhiteElo "2379"]
[BlackElo "2382"]
[PlyCount "43"]
[EventDate "2014.11.08"]

1. e4 g6 2. d4 Bg7 3. Nc3 c6 4. Be3 d5 5. Qd2 dxe4 6. Nxe4 Nd7 7. Nf3 Ngf6 8.
Ng3 O-O 9. O-O-O a5 10. h4 h5 11. Ng5 Qc7 12. Be2 e5 13. f4 exd4 14. Bxd4 Nd5
15. Bxg7 Kxg7 16. Rhf1 N7f6 17. c4 Ne7 18. Qc3 Neg8 19. f5 Re8 20. fxg6 fxg6
21. Bxh5 Qe5 22. Qc2 1-0

[Event "Druga liga Srbije- Grupa Vojvodina 2014"]
[Site "Kac, hotel "]
[Date "2014.11.10"]
[Round "4.4"]
[White "Robulj, Nenad"]
[Black "Drazic, Sinisa"]
[Result "0-1"]
[WhiteElo "2329"]
[BlackElo "2429"]
[PlyCount "47"]
[EventDate "2014.11.08"]

1. e4 e5 2. d4 exd4 3. Qxd4 Nc6 4. Qe3 Nf6 5. Bd2 Bb4 6. Nc3 O-O 7. O-O-O Re8
8. Qg3 Rxe4 9. a3 Ba5 10. f3 Re8 11. h4 d6 12. h5 Bb6 13. h6 g6 14. Nge2 Be3
15. Bxe3 Rxe3 16. Nf4 Be6 17. Qf2 Rxc3 18. bxc3 Nd7 19. Qe3 Nc5 20. Bb5 Ne5 21.
Nxe6 fxe6 22. f4 Ng4 23. Qf3 Nf6 24. g4 {dalje necitko...35 moves} 0-1

[Event "Druga liga Srbije- Grupa Vojvodina 2014"]
[Site "Kac, hotel "]
[Date "2014.11.10"]
[Round "4.4"]
[White "Cvetkovic, Slavko"]
[Black "Dragojlovic, Andjelko"]
[Result "1/2-1/2"]
[WhiteElo "2217"]
[BlackElo "2290"]
[PlyCount "70"]
[EventDate "2014.11.08"]

1. d4 g6 2. Nf3 Bg7 3. c3 d6 4. Bf4 f5 5. Qb3 Nf6 6. Ng5 d5 7. Nf3 Nbd7 8. Ne5
c6 9. Nxd7 Nxd7 10. Nd2 e5 11. dxe5 Bxe5 12. Bxe5 Nxe5 13. Nf3 Ng4 14. e3 Qb6
15. h4 h6 16. Bd3 O-O 17. g3 Kg7 18. Nd4 c5 19. Qxb6 axb6 20. Nb5 Rd8 21. Kd2
Ra5 22. a4 Bd7 23. h5 Bc6 24. hxg6 d4 25. exd4 cxd4 26. c4 Bxh1 27. Rxh1 Rxa4
28. Rh5 Kxg6 29. Rxf5 Kg7 30. Kc2 Rd7 31. Na3 Ra5 32. Nb5 Ra1 33. Rf4 h5 34.
Rf3 Re1 35. Rf4 Rh1 {necitko dalje...80 moves} 1/2-1/2

[Event "Druga liga Srbije- Grupa Vojvodina 2014"]
[Site "Kac, hotel "]
[Date "2014.11.10"]
[Round "4.4"]
[White "Jovic, Stevan"]
[Black "Mitrovic, Zivadin"]
[Result "1/2-1/2"]
[WhiteElo "2273"]
[BlackElo "2186"]
[PlyCount "42"]
[EventDate "2014.11.08"]

1. d4 e6 2. Nf3 Nf6 3. Bg5 Be7 4. Nbd2 c5 5. c3 cxd4 6. cxd4 Nc6 7. e3 h6 8.
Bh4 d5 9. Bd3 Bd7 10. O-O O-O 11. Rc1 Ne8 12. Bg3 Bd6 13. Ne5 Nxe5 14. dxe5 Be7
15. Bb1 g6 16. Nf3 Bb5 17. Re1 Bb4 18. Nd2 Qa5 19. Nb3 Qd8 20. Nd2 Qa5 21. Nb3
Qd8 1/2-1/2

[Event "Druga liga Srbije- Grupa Vojvodina 2014"]
[Site "Kac, hotel "]
[Date "2014.11.10"]
[Round "4.4"]
[White "Vlajkovic, Goran"]
[Black "Dimitrijevic, Nenad"]
[Result "1/2-1/2"]
[WhiteElo "2099"]
[BlackElo "2246"]
[PlyCount "68"]
[EventDate "2014.11.08"]

1. d4 Nf6 2. c4 g6 3. Nc3 Bg7 4. e4 d6 5. f4 O-O 6. Nf3 c5 7. dxc5 Qa5 8. Bd3
Qxc5 9. Qe2 Nc6 10. Be3 Qa5 11. Rc1 Bg4 12. O-O Nd7 13. Qf2 Bxf3 14. gxf3 Nc5
15. Bb1 Na4 16. Nxa4 Qxa4 17. b3 Qa5 18. Rcd1 Qc7 19. Kh1 f5 20. Rg1 e6 21. Rd2
b6 22. Qh4 Bf6 23. Qh3 Bg7 24. Qh4 Rf7 25. Rgd1 Bf8 26. a3 Rc8 27. b4 a5 28. c5
dxc5 29. Ba2 Re8 30. bxc5 Bxc5 31. Bxc5 bxc5 32. exf5 gxf5 33. Rg2+ Kh8 34.
Rdg1 Nd4 1/2-1/2

[Event "Druga liga Srbije- Grupa Vojvodina 2014"]
[Site "Kac, hotel "]
[Date "2014.11.10"]
[Round "4.5"]
[White "Czebe, Attila"]
[Black "Veljkovic, Vojislav"]
[Result "1-0"]
[WhiteElo "2437"]
[BlackElo "2224"]
[PlyCount "97"]
[EventDate "2014.11.08"]

1. c4 e5 2. Nc3 f5 3. d4 exd4 4. Qxd4 Nf6 5. Nd5 Be7 6. Nxe7 Qxe7 7. Qe3 Nc6 8.
Qxe7+ Kxe7 9. f3 d5 10. cxd5 Nxd5 11. Nh3 h6 12. Nf4 Rd8 13. Kf2 Be6 14. Nxe6
Kxe6 15. Bd2 Ne5 16. Rc1 Rac8 17. g3 c5 18. Bh3 b5 19. Ba5 Nb6 20. Rcd1 Rxd1
21. Rxd1 b4 22. e4 g6 23. f4 Nc6 24. Bxb6 axb6 25. g4 Nd4 26. gxf5+ Kd6 27. e5+
Kd5 28. Bg2+ Kc4 29. fxg6 Rf8 30. Ke3 b3 31. axb3+ Kxb3 32. Rxd4 cxd4+ 33. Kxd4
Kxb2 34. e6 Rd8+ 35. Ke5 b5 36. f5 b4 37. e7 Rb8 38. f6 b3 39. Bd5 Kc3 40. Bxb3
Kxb3 41. g7 Kc2 42. f7 Rb5+ 43. Ke4 Rb4+ 44. Ke3 h5 45. f8=Q h4 46. Qf5+ Kb2
47. Qe5+ Kc2 48. Qe4+ Rxe4+ 49. Kxe4 1-0

[Event "Druga liga Srbije- Grupa Vojvodina 2014"]
[Site "Kac, hotel "]
[Date "2014.11.10"]
[Round "4.5"]
[White "Grujic, Zoran"]
[Black "Tancik, Kristijan"]
[Result "1/2-1/2"]
[WhiteElo "2322"]
[BlackElo "2255"]
[PlyCount "41"]
[EventDate "2014.11.08"]

1. Nf3 Nf6 2. c4 c5 3. Nc3 d5 4. cxd5 Nxd5 5. d4 Nxc3 6. bxc3 g6 7. Bf4 Bg7 8.
e3 Qa5 9. Qd2 Bf5 10. Be2 Nd7 11. O-O O-O 12. Qb2 Nb6 13. Rfc1 Rac8 14. Nd2
cxd4 15. cxd4 Na4 16. Nb3 Qb4 17. Qd2 Qxd2 18. Nxd2 Nc3 19. Bf3 Bd3 20. Re1 b6
21. h3 1/2-1/2

[Event "Druga liga Srbije- Grupa Vojvodina 2014"]
[Site "Kac, hotel "]
[Date "2014.11.10"]
[Round "4.5"]
[White "Banovic, Ivan"]
[Black "Tokovic, Svetozar"]
[Result "1/2-1/2"]
[WhiteElo "2226"]
[BlackElo "2235"]
[PlyCount "99"]
[EventDate "2014.11.08"]

1. d4 Nf6 2. c4 e6 3. Nc3 Bb4 4. Qc2 d5 5. cxd5 Qxd5 6. Nf3 Qf5 7. Qa4+ Nc6 8.
a3 Bxc3+ 9. bxc3 Qa5 10. Qxa5 Nxa5 11. e3 Nb3 12. Rb1 Nxc1 13. Rxc1 Ke7 14. Bd3
Rd8 15. Ne5 Nd7 16. f4 Nf8 17. Be4 a5 18. Kf2 Ra7 19. c4 c5 20. Rhd1 f6 21. Nf3
f5 22. Bc2 Nd7 23. Ne5 Nxe5 24. fxe5 b5 25. cxb5 cxd4 26. Rxd4 Rc7 27. Rxd8
Kxd8 28. Rd1+ Ke7 29. Bd3 a4 30. Be2 Rc3 31. Rd3 Rb3 32. Rxb3 axb3 33. Ke1 b2
34. Bd3 Bb7 35. Kd2 Bxg2 36. Kc2 g5 37. Kxb2 h5 38. Kc3 h4 39. Kd2 Bd5 40. Ke2
Bb3 41. b6 Kd7 42. Bb5+ Kc8 43. Bc6 g4 44. Kf2 Kb8 45. a4 Bc4 46. a5 Ba6 47.
Ba4 Bc4 48. Bc6 Ba6 49. Ba4 Bc4 50. Bc6 1/2-1/2

[Event "Druga liga Srbije- Grupa Vojvodina 2014"]
[Site "Kac, hotel "]
[Date "2014.11.10"]
[Round "4.5"]
[White "Ivanovic, Miroslav"]
[Black "Krejic, Igor"]
[Result "0-1"]
[WhiteElo "2126"]
[BlackElo "2213"]
[PlyCount "78"]
[EventDate "2014.11.08"]

1. d4 Nf6 2. c4 e6 3. g3 c5 4. d5 exd5 5. cxd5 d6 6. Nc3 Be7 7. Bg2 O-O 8. Nf3
Bg4 9. h3 Bf5 10. Nd2 Bd7 11. a4 Na6 12. Nc4 Nb4 13. O-O Ne8 14. e4 b6 15. e5
Bf5 16. Ne4 Bxe4 17. Bxe4 dxe5 18. Nxe5 Nf6 19. Bg2 Nfxd5 20. Qb3 Qd6 21. Nc4
Qg6 22. Bd2 Rad8 23. Ne5 Qc2 24. Qxc2 Nxc2 25. Nc6 Nxa1 26. Bxd5 Bf6 27. Bc3
Rxd5 28. Bxf6 Rd6 29. Ne7+ Kh8 30. Bxg7+ Kxg7 31. Nf5+ Kf6 32. Nxd6 Nc2 33. Nb5
Nd4 34. Nxd4 cxd4 35. Rd1 Ke5 36. Kf1 Rc8 37. Ke2 Rc2+ 38. Rd2 Rxd2+ 39. Kxd2
Ke4 0-1

[Event "Druga liga Srbije- Grupa Vojvodina 2014"]
[Site "Kac, hotel "]
[Date "2014.11.10"]
[Round "4.5"]
[White "Pavlik, Goran"]
[Black "Roganovic, Nebojsa"]
[Result "1/2-1/2"]
[WhiteElo "2195"]
[BlackElo "2197"]
[PlyCount "84"]
[EventDate "2014.11.08"]

1. e4 d5 2. exd5 Nf6 3. Bb5+ Bd7 4. Be2 Bf5 5. d4 Nxd5 6. a3 e6 7. Nf3 Be7 8.
O-O O-O 9. h3 Nc6 10. c4 Nb6 11. Nc3 a5 12. b3 Bf6 13. Be3 h6 14. Ra2 Qe7 15.
Qc1 Rfd8 16. Rd2 Bg6 17. Rfd1 Rd7 18. d5 exd5 19. cxd5 Na7 20. d6 Qf8 21. Nb5
Nxb5 22. Bxb5 c6 23. Bxc6 Rc8 24. Bxd7 Rxc1 25. Rxc1 Nxd7 26. Rc7 Qe8 27. Rxb7
Be4 28. Rc7 Bxf3 29. gxf3 Qe6 30. Kg2 Be5 31. b4 axb4 32. axb4 Bxd6 33. Rxd7
Qg6+ 34. Kf1 Qb1+ 35. Ke2 Bxb4 36. Rd1 Qa2+ 37. Kf1 Qe6 38. Kg2 Qg6+ 39. Kh2
Bc3 40. R7d5 Qf6 41. Kg2 Qg6+ 42. Kh2 f6 1/2-1/2

[Event "Druga liga Srbije- Grupa Vojvodina 2014"]
[Site "Kac, hotel "]
[Date "2014.11.10"]
[Round "4.6"]
[White "Kokeza, Mirko"]
[Black "Vukic, Milan"]
[Result "1-0"]
[WhiteElo "2265"]
[BlackElo "2396"]
[PlyCount "53"]
[EventDate "2014.11.08"]

1. d4 Nf6 2. c4 d6 3. Nf3 c6 4. Nc3 Nbd7 5. e4 e5 6. Be2 Be7 7. O-O O-O 8. Re1
Qe8 9. h3 Bd8 10. Bf1 Qe7 11. b4 Re8 12. Bb2 exd4 13. Nxd4 g6 14. Qd2 Nb6 15.
Nf5 gxf5 16. exf5 Qf8 17. Qg5+ Qg7 18. Rxe8+ Nxe8 19. Qxd8 Bxf5 20. Qh4 Qf6 21.
Qf4 Be6 22. Qd2 Qg6 23. Re1 Bxc4 24. Re3 Kf8 25. Rg3 Qf5 26. Bxc4 Nxc4 27. Qh6+
1-0

[Event "Druga liga Srbije- Grupa Vojvodina 2014"]
[Site "Kac, hotel "]
[Date "2014.11.10"]
[Round "4.6"]
[White "Stupavski, Zdenko"]
[Black "Markovic, Milovan"]
[Result "0-1"]
[WhiteElo "2413"]
[BlackElo "2259"]
[PlyCount "50"]
[EventDate "2014.11.08"]

1. e4 c5 2. Nf3 Nc6 3. Bb5 Qc7 4. O-O a6 5. Bxc6 Qxc6 6. Re1 e6 7. d4 Qc7 8.
Nc3 Be7 9. e5 cxd4 10. Qxd4 f5 11. Bg5 Bc5 12. Qh4 b5 13. Nd4 Bb7 14. Nxf5 exf5
15. e6 d6 16. Rad1 Ne7 17. Qh5+ g6 18. Qh4 h6 19. Bf6 Rh7 20. a4 b4 21. Ne2
O-O-O 22. Nd4 Rf8 23. Bxe7 Qxe7 24. Qh3 Qg5 25. c3 bxc3 0-1

[Event "Druga liga Srbije- Grupa Vojvodina 2014"]
[Site "Kac, hotel "]
[Date "2014.11.10"]
[Round "4.6"]
[White "Tomic, Vjekoslav"]
[Black "Gavric, Zivojin"]
[Result "1-0"]
[WhiteElo "2237"]
[BlackElo "2104"]
[PlyCount "73"]
[EventDate "2014.11.08"]

1. e4 c6 2. d4 d5 3. exd5 cxd5 4. Bd3 Nc6 5. c3 g6 6. h3 Nh6 7. Nf3 Bf5 8. O-O
Bg7 9. Bf4 O-O 10. Re1 Re8 11. Na3 Qd7 12. Nc2 Bxd3 13. Qxd3 Nf5 14. Ne3 Rac8
15. Rad1 a6 16. Re2 b5 17. a3 Nxe3 18. Qxe3 a5 19. Ne5 Nxe5 20. Bxe5 b4 21.
cxb4 axb4 22. Bxg7 Kxg7 23. Rd3 Qd6 24. Qf3 Ra8 25. Rde3 bxa3 26. bxa3 e6 27.
h4 h5 28. g4 hxg4 29. Qxg4 Rh8 30. Rxe6 Qc7 31. Re7 Qc3 32. Qf4 Raf8 33. R2e6
Qd3 34. Qf6+ Kh6 35. Re5 Qd1+ 36. Kh2 Qg4 37. f3 1-0

[Event "Druga liga Srbije- Grupa Vojvodina 2014"]
[Site "Kac, hotel "]
[Date "2014.11.10"]
[Round "4.6"]
[White "Zobenica, Ivan"]
[Black "Curakovic, Dragan"]
[Result "1-0"]
[WhiteElo "2106"]
[BlackElo "2140"]
[PlyCount "39"]
[EventDate "2014.11.08"]

1. e4 d5 2. exd5 Qxd5 3. Nc3 Qa5 4. Nf3 Bg4 5. h3 Bxf3 6. Qxf3 c6 7. d4 Nf6 8.
Bc4 e6 9. O-O Nbd7 10. Bf4 Be7 11. Rfe1 Qd8 12. d5 cxd5 13. Bxd5 Nxd5 14. Nxd5
O-O 15. Nxe7+ Qxe7 16. Qxb7 Rfe8 17. Rad1 Nb6 18. Qxe7 Rxe7 19. b3 Nd5 20. Rxd5
1-0

[Event "Druga liga Srbije- Grupa Vojvodina 2014"]
[Site "Kac, hotel "]
[Date "2014.11.10"]
[Round "4.6"]
[White "Mehandzic, Georgije"]
[Black "Indjic, Stefan"]
[Result "1/2-1/2"]
[WhiteElo "2098"]
[BlackElo "2080"]
[PlyCount "102"]
[EventDate "2014.11.08"]

1. e4 c5 2. Nc3 Nc6 3. g3 g6 4. Bg2 Bg7 5. Nge2 d6 6. O-O e5 7. Nd5 Nge7 8. c3
O-O 9. d3 Be6 10. f4 f5 11. fxe5 dxe5 12. c4 Qd7 13. Be3 Nd4 14. Qd2 Nec6 15.
Rae1 Nxe2+ 16. Rxe2 Nd4 17. Bxd4 cxd4 18. b4 Bxd5 19. exd5 h5 20. c5 Kh7 21.
Qc2 Qb5 22. a4 Qxb4 23. Rb1 Qa3 24. Rxb7 e4 25. dxe4 d3 26. Qb2 Qxc5+ 27. Rf2
Rg8 28. exf5 gxf5 29. Qd2 Qd4 30. Qg5 Qg4 31. Rxf5 d2 32. Qxg4 hxg4 33. Be4 Kh6
34. Bc2 Rae8 35. Kg2 Re1 36. Rf1 Rf8 37. Rxf8 Bxf8 38. Rf7 Bc5 39. Rf1 Re2+ 40.
Kh1 Re1 41. Kg2 Kg7 42. Bd1 Re4 43. Rf4 Re1 44. Rf1 Re4 45. Rf4 Re1 46. Rf1 Re5
47. Bxg4 Rxd5 48. Bd1 Re5 49. Rf3 Re1 50. Rf1 Re4 51. Kh3 Re1 1/2-1/2